Possession orders (Record no. 76730)
[ view plain ]
| 000 -LEADER | |
|---|---|
| fixed length control field | 01372cab a2200289 4500 |
| 001 - CONTROL NUMBER | |
| control field | ##L132972 |
| 008 - FIXED-LENGTH DATA ELEMENTS--GENERAL INFORMATION | |
| fixed length control field | 060328n2006 000 0 eng u |
| 035 ## - SYSTEM CONTROL NUMBER | |
| System control number | (Sirsi) u132972 |
| 041 0# - LANGUAGE CODE | |
| Language code of text/sound track or separate title | eng |
| 100 1# - MAIN ENTRY--PERSONAL NAME | |
| Personal name | Holbrook, Jon |
| 245 00 - TITLE STATEMENT | |
| Title | Possession orders |
| 260 ## - PUBLICATION, DISTRIBUTION, ETC. | |
| Date of publication, distribution, etc. | 2006 |
| 490 #0 - SERIES STATEMENT | |
| Series statement | Solicitors' Journal |
| Volume/sequential designation | 150(10) 17 March 2006, 323-326(3) |
| 520 ## - SUMMARY, ETC. | |
| Summary, etc. | Considers the problems posed by the making of suspended possession orders in the light of the decision in "Ealing LBC v Richardson" ([2005] EWCA 1798, unreported) when the CA allowed the defendant to stay in her home despite having breached the terms of a suspended possession order made nine years earlier. Outlines a series of steps that can be taken to prevent this state of affairs, covering matters up to the making of a possession order, after an order has been made, and the situation if judgment is suspended. |
| 590 ## - LOCAL NOTE (RLIN) | |
| Local note | IKA280306 |
| 650 24 - SUBJECT ADDED ENTRY--TOPICAL TERM | |
| Topical term or geographic name entry element | EALING LBC V RICHARDSON |
| 650 24 - SUBJECT ADDED ENTRY--TOPICAL TERM | |
| Topical term or geographic name entry element | NORTH BRITISH HOUSING ASSOCIATION LTD V MATTHEWS |
| 650 24 - SUBJECT ADDED ENTRY--TOPICAL TERM | |
| Topical term or geographic name entry element | CAPITAL PRIME PLUS V WILLS |
| 650 24 - SUBJECT ADDED ENTRY--TOPICAL TERM | |
| Topical term or geographic name entry element | GOLDTHORPE V BAIN |
| 650 24 - SUBJECT ADDED ENTRY--TOPICAL TERM | |
| Topical term or geographic name entry element | VANDERMOLEN V TOMA |
| 650 24 - SUBJECT ADDED ENTRY--TOPICAL TERM | |
| Topical term or geographic name entry element | TAJ V ALI |
| 650 24 - SUBJECT ADDED ENTRY--TOPICAL TERM | |
| Topical term or geographic name entry element | THOMPSON V ELMBRIDGE BC |
| 650 24 - SUBJECT ADDED ENTRY--TOPICAL TERM | |
| Topical term or geographic name entry element | SOUTHWARK LBC V ST BRICE |
| 690 ## - LOCAL SUBJECT ADDED ENTRY--TOPICAL TERM (OCLC, RLIN) | |
| Topical term or geographic name as entry element | PROPERTY-RESIDENTIAL PROPERTY-RESIDENTIAL LANDLORD AND TENANT-RESIDENTIAL TENANCIES |
| 700 1# - ADDED ENTRY--PERSONAL NAME | |
| Personal name | O'Toole, Gerard |
| 942 ## - ADDED ENTRY ELEMENTS (KOHA) | |
| Suppress in OPAC | 0 |
| Withdrawn status | Lost status | Source of classification or shelving scheme | Damaged status | Not for loan | Home library | Current library | Shelving location | Date acquired | Total Checkouts | Full call number | Barcode | Date last seen | Copy number | Price effective from | Koha item type |
|---|---|---|---|---|---|---|---|---|---|---|---|---|---|---|---|
| Dewey Decimal Classification | London | London | Journal article | 28/03/2006 | L132972 | 132972-1001 | 06/08/2019 | 1 | 06/08/2019 | Journal article |